Justice and equality in education: A capability perspective on disability and special educational needs (Record no. 1392320)

MARC details
000 -LEADER
fixed length control field 00590nam a2200193Ia 4500
005 - DATE AND TIME OF LATEST TRANSACTION
control field 20250508164950.0
008 - FIXED-LENGTH DATA ELEMENTS--GENERAL INFORMATION
fixed length control field 008 250505s9999 xx 000 0 eng d
037 ## - SOURCE OF ACQUISITION
Stock number Textual
040 ## - CATALOGING SOURCE
Original cataloging agency FEDL
Language of cataloging eng
Transcribing agency FEDL
041 ## - LANGUAGE CODE
Language code of text/sound track or separate title eng
Source of code eng
084 ## - COLON CLASSIFICATION NUMBER
Classification number 371.9, TER
Assigning agency FEDL
100 ## - MAIN ENTRY--PERSONAL NAME
Personal name Terzi Lorella
9 (RLIN) 779607
245 #0 - TITLE STATEMENT
Title Justice and equality in education: A capability perspective on disability and special educational needs
260 ## - PUBLICATION, DISTRIBUTION, ETC.
Place of publication, distribution, etc. London, UK
Name of publisher, distributor, etc. Continuum
Date of publication, distribution, etc. 2010
300 ## - PHYSICAL DESCRIPTION
Extent xii,212p.
365 ## - TRADE PRICE
Price type code GBP
Price amount 24.99
942 ## - ADDED ENTRY ELEMENTS (KOHA)
Koha item type Textual
Classification part 371.9, TER
Holdings
Withdrawn status Lost status Damaged status Not for loan Home library Current library Date acquired Cost, normal purchase price Total Checkouts Full call number Barcode Date last seen Price effective from Koha item type
        Department of Education Library Department of Education Library 2025-05-08 24.99   371.9, TER EL0085950 2025-05-08 2025-05-08 Textual
Copyright @ Delhi University Library System